[Event "First Saturday 2010 februar FM-A"]
[Site "Budapest"]
[Date "2010.02.06"]
[Round "1"]
[White "Radnai, Adam"]
[Black "Mayer, Istvan"]
[Result "1/2-1/2"]
[WhiteElo "2227"]
[BlackElo "2160"]
[PlyCount "27"]
[EventDate "2010.02.06"]

1. e4 e6 2. d4 d5 3. exd5 exd5 4. Nf3 Nf6 5. c4 c5 6. Nc3 Nc6 7. Bg5 cxd4 8.
Nxd4 Be7 9. Nxc6 bxc6 10. cxd5 Nxd5 11. Bxe7 Qxe7+ 12. Qe2 Nxc3 13. Qxe7+ Kxe7
14. bxc3 1/2-1/2

[Event "First Saturday 2010 februar FM-A"]
[Site "Budapest"]
[Date "2010.02.06"]
[Round "1"]
[White "Tran, Minh Thanh"]
[Black "Lantos, Attila"]
[Result "0-1"]
[WhiteElo "1921"]
[BlackElo "2040"]
[PlyCount "52"]
[EventDate "2010.02.06"]

1. d4 e6 2. Bf4 a6 3. Nf3 b5 4. a3 Bb7 5. b4 Nf6 6. e3 d5 7. Ne5 Nbd7 8. Bd3
Bd6 9. Nd2 Ne4 10. Qg4 Bxe5 11. dxe5 g5 12. Bxe4 gxf4 13. Qg7 Rf8 14. Bxh7 fxe3
15. fxe3 Qe7 16. O-O O-O-O 17. Bg6 Qg5 18. Rxf7 Qxe3+ 19. Kh1 Rxf7 20. Bxf7
Qxd2 21. Bxe6 d4 22. Bh3 Qc3 23. Bxd7+ Rxd7 24. Qf8+ Rd8 25. Qf5+ Kb8 26. Rf1
Rg8 0-1

[Event "First Saturday 2010 februar FM-A"]
[Site "Budapest"]
[Date "2010.02.06"]
[Round "1"]
[White "Kantor, Gergely"]
[Black "Cox, Tristan"]
[Result "0-1"]
[WhiteElo "1909"]
[BlackElo "2066"]
[PlyCount "78"]
[EventDate "2010.02.06"]

1. d4 d5 2. c4 e6 3. Nc3 Bb4 4. a3 Bxc3+ 5. bxc3 c5 6. cxd5 exd5 7. e3 Ne7 8.
Bd3 Nbc6 9. Ne2 b6 10. O-O Bf5 11. Bb2 c4 12. Bxf5 Nxf5 13. Qc2 Nd6 14. Ng3 O-O
15. f3 f5 16. Rae1 Qg5 17. Bc1 Qg6 18. Ne2 b5 19. Nf4 Qf7 20. Qf2 a5 21. Bd2
Rab8 22. Rb1 Rb7 23. Rb2 Rfb8 24. Rfb1 Kh8 25. Qh4 Ne8 26. Nh3 Nf6 27. Ng5 Qe7
28. Ra1 b4 29. axb4 axb4 30. cxb4 c3 31. Rc2 cxd2 32. Rxc6 Qxe3+ 33. Kh1 Qe2
34. h3 d1=Q+ 35. Rxd1 Qxd1+ 36. Kh2 Qa4 37. Re6 Qd7 38. Qe1 Re8 39. Rxf6 gxf6
0-1

[Event "First Saturday 2010 februar FM-A"]
[Site "Budapest"]
[Date "2010.02.06"]
[Round "1"]
[White "Borda, Lajos"]
[Black "Csonka, Balazs"]
[Result "1/2-1/2"]
[WhiteElo "2060"]
[BlackElo "2143"]
[PlyCount "72"]
[EventDate "2010.02.06"]

1. d4 Nf6 2. c4 c5 3. Nf3 cxd4 4. Nxd4 g6 5. g3 Bg7 6. Bg2 O-O 7. O-O Nc6 8.
Nc3 Nxd4 9. Qxd4 d6 10. Qd2 a6 11. b3 Rb8 12. Rd1 b5 13. cxb5 axb5 14. Bb2 Be6
15. e4 Qb6 16. h3 h5 17. Ne2 Rbd8 18. Bd4 Qb8 19. Qb2 Ne8 20. Nf4 Bxd4 21. Qxd4
Ng7 22. Nxe6 Nxe6 23. Qe3 b4 24. Bf1 Qc7 25. Rdc1 Qa5 26. Bc4 Qg5 27. f4 Qc5
28. Kf2 Qxe3+ 29. Kxe3 Nc5 30. a3 bxa3 31. b4 Nd7 32. Rxa3 Rb8 33. Ra7 Rfd8 34.
b5 Nb6 35. Rxe7 Nxc4+ 36. Rxc4 Rxb5 1/2-1/2

[Event "First Saturday 2010 februar FM-A"]
[Site "Budapest"]
[Date "2010.02.06"]
[Round "1"]
[White "Kovacs, Lajos"]
[Black "Peredy, Ferenc"]
[Result "1/2-1/2"]
[WhiteElo "2176"]
[BlackElo "2264"]
[PlyCount "73"]
[EventDate "2010.02.06"]

1. d4 Nf6 2. c4 e6 3. Nc3 Bb4 4. Qc2 c5 5. dxc5 O-O 6. a3 Bxc5 7. Nf3 Nc6 8.
Bg5 Be7 9. Rd1 d6 10. e4 Qc7 11. Bd3 h6 12. Bf4 Nh5 13. Be3 Ne5 14. Qe2 Nxd3+
15. Qxd3 a6 16. O-O Nf6 17. Bd4 Nd7 18. Qe2 b6 19. Nd2 Bb7 20. f4 e5 21. Be3
exf4 22. Bxf4 Ne5 23. Kh1 Rac8 24. Nd5 Bxd5 25. exd5 Ng6 26. Be3 Rce8 27. Qd3
Bg5 28. Bxg5 hxg5 29. Rde1 Rxe1 30. Rxe1 Ne5 31. Qd4 Rc8 32. b3 b5 33. h3 bxc4
34. bxc4 Qa5 35. Re3 f6 36. Rc3 Qa4 37. Qe3 1/2-1/2

[Event "First Saturday 2010 februar FM-A"]
[Site "Budapest"]
[Date "2010.02.07"]
[Round "2"]
[White "Mayer, Istvan"]
[Black "Darazs, Zoltan"]
[Result "1/2-1/2"]
[WhiteElo "2160"]
[BlackElo "2214"]
[PlyCount "21"]
[EventDate "2010.02.06"]

1. e4 e5 2. Nf3 Nc6 3. Bc4 Nf6 4. d3 Bc5 5. O-O O-O 6. c3 d6 7. h3 h6 8. Qe2 a6
9. Be3 Bxe3 10. fxe3 Be6 11. Nbd2 1/2-1/2

[Event "First Saturday 2010 februar FM-A"]
[Site "Budapest"]
[Date "2010.02.07"]
[Round "2"]
[White "Csonka, Balazs"]
[Black "Kovacs, Lajos"]
[Result "1/2-1/2"]
[WhiteElo "2143"]
[BlackElo "2176"]
[PlyCount "55"]
[EventDate "2010.02.06"]

1. e4 d5 2. exd5 Qxd5 3. Nc3 Qd6 4. d4 Nf6 5. Nf3 Bg4 6. Be2 c6 7. O-O Nbd7 8.
h3 Bxf3 9. Bxf3 e6 10. Ne4 Nxe4 11. Bxe4 Nf6 12. Bf3 Rd8 13. c3 Be7 14. Bg5 O-O
15. Qe2 Nd5 16. Bxd5 cxd5 17. Bxe7 Qxe7 18. f4 Qd7 19. Rae1 b5 20. a3 a5 21.
Qh5 g6 22. Qh6 b4 23. axb4 axb4 24. h4 bxc3 25. bxc3 Rfe8 26. h5 Qd6 27. Rf3
Qf8 28. Qg5 1/2-1/2

[Event "First Saturday 2010 februar FM-A"]
[Site "Budapest"]
[Date "2010.02.07"]
[Round "2"]
[White "Cox, Tristan"]
[Black "Borda, Lajos"]
[Result "1/2-1/2"]
[WhiteElo "2066"]
[BlackElo "2060"]
[PlyCount "102"]
[EventDate "2010.02.06"]

1. c4 e5 2. Nc3 Nc6 3. e3 f5 4. d4 Nf6 5. dxe5 Nxe5 6. Qc2 d5 7. cxd5 Nxd5 8.
a3 c6 9. Be2 Be7 10. Bd2 Be6 11. Nf3 Nxf3+ 12. Bxf3 Nxc3 13. Bxc3 O-O 14. O-O
Bd6 15. Rfd1 Qc7 16. g3 Rad8 17. Rd2 Qf7 18. Qa4 Bc5 19. Rxd8 Rxd8 20. Rd1
Rxd1+ 21. Qxd1 Qd7 22. Qc2 Bd5 23. Qd3 Be6 24. Qf1 Bd5 25. Qg2 Bc4 26. h3 Qd3
27. Be5 Bxe3 28. g4 Bd4 29. Bxd4 Qxd4 30. gxf5 Qxb2 31. Qg3 Qb1+ 32. Kg2 Qxf5
33. Qb8+ Qf8 34. Qxb7 Bf1+ 35. Kxf1 Qxf3 36. Qb8+ Kf7 37. Qxa7+ Kg6 38. Qe3
Qd1+ 39. Kg2 Qd5+ 40. Qf3 Qb5 41. Qe4+ Kf6 42. a4 Qc5 43. h4 g6 44. Kg3 Kg7 45.
Kf3 Qd6 46. Qc4 c5 47. Qc3+ Kf7 48. a5 Qc6+ 49. Kg3 Qb5 50. Qa3 c4 51. a6 Qb3+
1/2-1/2

[Event "First Saturday 2010 februar FM-A"]
[Site "Budapest"]
[Date "2010.02.07"]
[Round "2"]
[White "Lantos, Attila"]
[Black "Kantor, Gergely"]
[Result "1/2-1/2"]
[WhiteElo "2040"]
[BlackElo "1909"]
[PlyCount "78"]
[EventDate "2010.02.06"]

1. e4 c5 2. Nf3 d6 3. Nc3 Nf6 4. d4 cxd4 5. Nxd4 g6 6. Bd3 Nc6 7. Nb3 Bg7 8. h3
O-O 9. Be3 Be6 10. O-O a6 11. Qe1 b5 12. f4 Nb4 13. Nd4 Nxd3 14. cxd3 Bc8 15.
Rc1 Bb7 16. Qh4 Nd7 17. f5 e5 18. Qxd8 Rfxd8 19. Nb3 Rac8 20. a3 Ba8 21. g4 Nc5
22. Nxc5 dxc5 23. Rcd1 Rd7 24. fxg6 fxg6 25. Ne2 Rcd8 26. Bg5 Rf8 27. Rxf8+
Bxf8 28. Rd2 c4 29. dxc4 Bc5+ 30. Kf1 Rxd2 31. Bxd2 bxc4 32. Nc3 Bd4 33. Ke2
Kf7 34. Kf3 Ke6 35. Bc1 Bxc3 36. bxc3 Bc6 37. Bh6 Bb7 38. Bg7 Bc6 39. h4 Bb7
1/2-1/2

[Event "First Saturday 2010 februar FM-A"]
[Site "Budapest"]
[Date "2010.02.07"]
[Round "2"]
[White "Radnai, Adam"]
[Black "Tran, Minh Thanh"]
[Result "1-0"]
[WhiteElo "2227"]
[BlackElo "1921"]
[PlyCount "83"]
[EventDate "2010.02.06"]

1. e4 c5 2. c3 g6 3. d4 cxd4 4. cxd4 d5 5. e5 Bg7 6. Nc3 Nc6 7. h3 f6 8. f4 e6
9. Nf3 a6 10. Be2 Nge7 11. O-O Nf5 12. Kh2 fxe5 13. dxe5 b5 14. g4 Nfe7 15. Be3
O-O 16. Nd4 Qc7 17. Rc1 Bxe5 18. Nxc6 Nxc6 19. Nxd5 exd5 20. Qxd5+ Qf7 21.
Qxf7+ Rxf7 22. fxe5 Nxe5 23. Rxf7 Kxf7 24. Bd4 Ke6 25. Re1 Nc6 26. Bxb5+ Kd5
27. Bxc6+ Kxc6 28. Re7 h5 29. gxh5 gxh5 30. Re5 Bb7 31. Rxh5 Rg8 32. Rh7 Ba8
33. Rh8 Rxh8 34. Bxh8 Kb5 35. Kg3 a5 36. Kg4 a4 37. a3 Bd5 38. h4 Kc6 39. h5
Kd7 40. h6 Bb3 41. Kg5 Ke8 42. Kg6 1-0

[Event "First Saturday 2010 februar FM-A"]
[Site "Budapest"]
[Date "2010.02.08"]
[Round "3"]
[White "Tran, Minh Thanh"]
[Black "Mayer, Istvan"]
[Result "0-1"]
[WhiteElo "1921"]
[BlackElo "2160"]
[PlyCount "66"]
[EventDate "2010.02.06"]

1. d4 d5 2. Bf4 c5 3. e3 Nc6 4. Nf3 Qb6 5. b3 Bf5 6. Bd3 Be4 7. c3 Nf6 8. h3 e6
9. O-O Rd8 10. Qe2 Be7 11. Nbd2 h6 12. Ne5 Bxd3 13. Qxd3 O-O 14. Ndf3 Ne4 15.
Rfd1 Nxe5 16. Nxe5 Bh4 17. Rf1 Bg5 18. Bh2 Qa5 19. Rfc1 cxd4 20. cxd4 Rc8 21.
Rc2 Qa3 22. Nf3 Be7 23. Bc7 Bd6 24. Bxd6 Nxd6 25. Rac1 Qxc1+ 26. Rxc1 Rxc1+ 27.
Kh2 Ne4 28. Qb5 Rfc8 29. Qxb7 Nxf2 30. Ne5 R8c7 31. Qa8+ Kh7 32. Qe8 Rh1+ 33.
Kg3 Ne4+ 0-1

[Event "First Saturday 2010 februar FM-A"]
[Site "Budapest"]
[Date "2010.02.08"]
[Round "3"]
[White "Kantor, Gergely"]
[Black "Radnai, Adam"]
[Result "1-0"]
[WhiteElo "1909"]
[BlackElo "2227"]
[PlyCount "85"]
[EventDate "2010.02.06"]

1. d4 Nf6 2. c4 g6 3. Nc3 Bg7 4. e4 O-O 5. Nf3 d6 6. h3 c5 7. d5 Na6 8. Bd3 Nc7
9. O-O Rb8 10. a4 Na6 11. Bf4 Nb4 12. Qd2 a6 13. Rfe1 Ne8 14. Bf1 e5 15. Bg5 f6
16. Bh4 g5 17. Bg3 h5 18. Na2 Nxa2 19. Rxa2 a5 20. Be2 Kh7 21. Qc2 Nc7 22. Nd2
Na6 23. Ra3 Nb4 24. Qd1 h4 25. Bh2 f5 26. Rc3 Qf6 27. Rf1 Bd7 28. Bf3 g4 29.
hxg4 f4 30. Be2 Qh6 31. Rh3 Bf6 32. Kh1 Kg7 33. g3 Bg5 34. gxh4 f3 35. Nxf3 Bf4
36. Rg1 Qg6 37. Qb1 Bxh2 38. Rxh2 Bxa4 39. h5 Qf6 40. g5 Qf4 41. Rh4 Bc2 42.
Rxf4 Bxb1 43. Rxf8 1-0

[Event "First Saturday 2010 februar FM-A"]
[Site "Budapest"]
[Date "2010.02.08"]
[Round "3"]
[White "Borda, Lajos"]
[Black "Lantos, Attila"]
[Result "1-0"]
[WhiteElo "2060"]
[BlackElo "2040"]
[PlyCount "111"]
[EventDate "2010.02.06"]

1. d4 e6 2. e3 a6 3. b3 Nf6 4. Bd3 b6 5. Ne2 Bb7 6. O-O d5 7. Bb2 Bd6 8. Nd2
Nbd7 9. Ng3 c5 10. Qe2 O-O 11. f4 b5 12. c3 Qc7 13. Rac1 Rac8 14. Bb1 Rfe8 15.
Rf2 Qb8 16. Rcf1 Bf8 17. Kh1 Qa8 18. h3 a5 19. e4 dxe4 20. Ngxe4 a4 21. Nxf6+
Nxf6 22. Bd3 cxd4 23. c4 bxc4 24. Nxc4 Bc5 25. b4 Bxb4 26. Bxd4 Be7 27. Nb6 Qa5
28. Nxc8 Rxc8 29. Kh2 Rd8 30. Qe3 Qd5 31. Rd1 Qh5 32. Be2 Qf5 33. Bxf6 Qxf6 34.
Rxd8+ Bxd8 35. Qa7 Bd5 36. Bb5 a3 37. Qxa3 h5 38. Qd6 g6 39. Bc6 Bxc6 40. Qxc6
Qd4 41. Rf3 Bb6 42. Qc8+ Kh7 43. Qc1 Qd6 44. Kh1 Bc7 45. Rc3 Ba5 46. Rc6 Qd4
47. Rc4 Qf2 48. Rc2 Qd4 49. Qf1 Qa4 50. Rc8 Qe4 51. Qa1 f6 52. Qd1 Qxf4 53.
Qd7+ Kh6 54. Rh8+ Kg5 55. Qb5+ e5 56. Qxa5 1-0

[Event "First Saturday 2010 februar FM-A"]
[Site "Budapest"]
[Date "2010.02.08"]
[Round "3"]
[White "Kovacs, Lajos"]
[Black "Cox, Tristan"]
[Result "1/2-1/2"]
[WhiteElo "2176"]
[BlackElo "2066"]
[PlyCount "118"]
[EventDate "2010.02.06"]

1. d4 Nf6 2. c4 e6 3. Nc3 Bb4 4. Qc2 O-O 5. a3 Bxc3+ 6. Qxc3 b5 7. b3 bxc4 8.
bxc4 c5 9. e3 cxd4 10. exd4 Ne4 11. Qc2 Qa5+ 12. Bd2 Qxd2+ 13. Qxd2 Nxd2 14.
Kxd2 Nc6 15. Nf3 Rb8 16. Bd3 Rb2+ 17. Bc2 Ba6 18. Kc3 Rfb8 19. Rhb1 Rxb1 20.
Rxb1 Rxb1 21. Bxb1 Kf8 22. Be4 Na5 23. Nd2 Ke7 24. Kb4 Nb7 25. c5 d5 26. Bc2 h6
27. Ba4 Nd8 28. Nb1 g5 29. g3 g4 30. Nd2 f6 31. Kc3 e5 32. Nb3 Ne6 33. dxe5
fxe5 34. Kb4 Ng5 35. Bb5 Bc8 36. Na5 a6 37. Bc6 Ke6 38. Nb3 Ne4 39. Ka5 Nxf2
40. Kb6 e4 41. Kc7 Ke5 42. Kxc8 e3 43. Nc1 d4 44. Bd7 d3 45. Nxd3+ Nxd3 46.
Bxg4 Nxc5 47. Kc7 Kd4 48. Kb6 Ne4 49. Kxa6 Nc3 50. Kb6 Kc4 51. Kc6 Kb3 52. Kd6
Kxa3 53. Ke5 Kb4 54. Kf6 Kc5 55. Kg6 Kd6 56. Kxh6 Ke7 57. Kg7 e2 58. Bxe2 Nxe2
59. g4 Nf4 1/2-1/2

[Event "First Saturday 2010 februar FM-A"]
[Site "Budapest"]
[Date "2010.02.08"]
[Round "3"]
[White "Molnar, Marton M"]
[Black "Csonka, Balazs"]
[Result "0-1"]
[WhiteElo "1979"]
[BlackElo "2143"]
[PlyCount "114"]
[EventDate "2010.02.06"]

1. c4 g6 2. g3 Bg7 3. Bg2 e5 4. Nc3 Ne7 5. d3 O-O 6. Nf3 d6 7. O-O c5 8. Bg5 f6
9. Bd2 Nbc6 10. Rb1 Be6 11. a3 d5 12. cxd5 Nxd5 13. Ne4 b6 14. Qc1 Qd7 15. Re1
Rac8 16. Bh6 Rfd8 17. Bxg7 Kxg7 18. Qd2 Nde7 19. Rec1 Nd4 20. Nxd4 Qxd4 21. Qc3
Qd7 22. Rd1 Qa4 23. e3 Bf5 24. Rbc1 Nd5 25. Qc4 Qxc4 26. dxc4 Bxe4 27. Bxe4 Ne7
28. Bb7 Rb8 29. Bf3 Kf7 30. Kf1 a5 31. h4 h6 32. b3 Ke6 33. g4 f5 34. gxf5+
gxf5 35. Ke2 e4 36. Bg2 Ng6 37. h5 Ne5 38. Bh3 Nf3 39. Bg2 Ne5 40. Bh3 Rxd1 41.
Rxd1 Rg8 42. Rh1 Nf3 43. Kd1 Rg1+ 44. Rxg1 Nxg1 45. Bg2 Kf6 46. Kc2 Kg5 47. Kc3
Kxh5 48. b4 a4 49. bxc5 bxc5 50. Kd2 Kg4 51. Ke1 h5 52. Kf1 Nf3 53. Ke2 Ne5 54.
Bh1 h4 55. Bg2 h3 56. Bh1 h2 57. Bg2 Nxc4 0-1

[Event "First Saturday 2010 februar FM-A"]
[Site "Budapest"]
[Date "2010.02.09"]
[Round "4"]
[White "Csonka, Balazs"]
[Black "Darazs, Zoltan"]
[Result "1/2-1/2"]
[WhiteElo "2143"]
[BlackElo "2214"]
[PlyCount "112"]
[EventDate "2010.02.06"]

1. e4 Nf6 2. Nc3 e5 3. Bc4 Nxe4 4. Qh5 Nd6 5. Qxe5+ Qe7 6. Qxe7+ Bxe7 7. Bb3
O-O 8. Nge2 b6 9. d3 Bb7 10. O-O Nf5 11. Bf4 c6 12. Rfe1 Na6 13. Ng3 Bd6 14.
Nxf5 Bxf4 15. g3 Bc7 16. Re7 d5 17. Rae1 g6 18. Nd4 Rab8 19. h4 Bd6 20. Rxb7
Rxb7 21. Nxc6 Rc7 22. Bxd5 Nb4 23. Nxb4 Bxb4 24. Bc4 Rc5 25. a4 Rfc8 26. Re2
Bxc3 27. bxc3 Kf8 28. Re4 R8c7 29. Rd4 Ke7 30. Re4+ Kf6 31. Rf4+ Kg7 32. Rd4 a6
33. Bxa6 Rxc3 34. Rd6 Rxc2 35. Rxb6 Ra2 36. Bc4 Rxa4 37. Kg2 Raa7 38. Rb2 h5
39. Re2 Rd7 40. Kf3 Rd6 41. Rb2 Re7 42. Ra2 Rb6 43. Bd5 Rb5 44. Bc4 Rb4 45. Kg2
Reb7 46. Re2 Rb2 47. Re4 R7b6 48. Rf4 Rf6 49. Rxf6 Kxf6 50. Kf3 Rb7 51. Bd5 Rd7
52. Bc4 Ke5 53. Bb5 Rb7 54. Bc4 Kd4 55. Kf4 Rb6 56. Kg5 f5 1/2-1/2

[Event "First Saturday 2010 februar FM-A"]
[Site "Budapest"]
[Date "2010.02.09"]
[Round "4"]
[White "Cox, Tristan"]
[Black "Molnar, Marton M"]
[Result "1-0"]
[WhiteElo "2066"]
[BlackElo "1979"]
[PlyCount "87"]
[EventDate "2010.02.06"]

1. c4 Nf6 2. Nc3 g6 3. e4 d6 4. d4 Bg7 5. Nf3 O-O 6. Be2 c5 7. d5 Nbd7 8. O-O
a6 9. a4 b6 10. h3 Qc7 11. Bg5 Bb7 12. Qd2 Rfe8 13. Bf4 h5 14. Bd3 e6 15. dxe6
Rxe6 16. Ng5 Re7 17. Bc2 Ne5 18. b3 Ne8 19. Nd5 Bxd5 20. exd5 Nf6 21. Bxe5 Rxe5
22. f4 Re7 23. f5 gxf5 24. Rxf5 Rae8 25. Raf1 Re2 26. Qd1 Qe7 27. Ne6 fxe6 28.
Rxf6 Bxf6 29. Qxe2 exd5 30. Qxh5 Qf7 31. Bh7+ Kf8 32. Qh6+ Ke7 33. Re1+ Be5 34.
Bg6 Qf6 35. Qh7+ Kd8 36. Bxe8 Kxe8 37. cxd5 Qf4 38. Qg8+ Kd7 39. Qe6+ Kd8 40.
Rxe5 dxe5 41. Qxb6+ Ke8 42. Qxc5 e4 43. d6 e3 44. Qc8+ 1-0

[Event "First Saturday 2010 februar FM-A"]
[Site "Budapest"]
[Date "2010.02.09"]
[Round "4"]
[White "Lantos, Attila"]
[Black "Kovacs, Lajos"]
[Result "0-1"]
[WhiteElo "2040"]
[BlackElo "2176"]
[PlyCount "74"]
[EventDate "2010.02.06"]

1. e4 c5 2. Nf3 e6 3. Nc3 d6 4. d4 cxd4 5. Nxd4 Nf6 6. f3 a6 7. Be3 b5 8. Qd2
Nbd7 9. g4 h6 10. Rg1 Qc7 11. h4 Nc5 12. g5 hxg5 13. hxg5 Ng8 14. g6 f6 15.
O-O-O b4 16. Nce2 Rb8 17. Kb1 Ne7 18. Nb3 Nc6 19. Nxc5 dxc5 20. Nf4 Ne5 21. Qf2
c4 22. Ne2 Nd7 23. Nd4 Nb6 24. f4 Bd7 25. Be2 Na4 26. Ka1 a5 27. f5 e5 28. Ne6
Bxe6 29. fxe6 c3 30. b3 Nc5 31. Bc4 Nxe4 32. Qf5 Nd6 33. Rxd6 Bxd6 34. e7 Qxe7
35. Rd1 Rd8 36. Re1 Bc5 37. Bf4 Bf2 0-1

[Event "First Saturday 2010 februar FM-A"]
[Site "Budapest"]
[Date "2010.02.09"]
[Round "4"]
[White "Radnai, Adam"]
[Black "Borda, Lajos"]
[Result "1-0"]
[WhiteElo "2227"]
[BlackElo "2060"]
[PlyCount "45"]
[EventDate "2010.02.06"]

1. d4 d5 2. Bf4 e6 3. e3 Bd6 4. Bxd6 Qxd6 5. f4 Ne7 6. Nf3 Nd7 7. c3 c6 8. Bd3
f5 9. O-O O-O 10. h3 Nf6 11. Ne5 Bd7 12. g4 Be8 13. Qb3 b5 14. a4 a6 15. axb5
cxb5 16. Na3 Nc6 17. Nc2 Ne4 18. Qa3 Qc7 19. gxf5 exf5 20. Bxe4 fxe4 21. Qc5
Rf6 22. Nb4 Qc8 23. Qxd5+ 1-0

[Event "First Saturday 2010 februar FM-A"]
[Site "Budapest"]
[Date "2010.02.09"]
[Round "4"]
[White "Tran, Minh Thanh"]
[Black "Kantor, Gergely"]
[Result "1/2-1/2"]
[WhiteElo "1921"]
[BlackElo "1909"]
[PlyCount "58"]
[EventDate "2010.02.06"]

1. d4 Nf6 2. Bg5 e6 3. e4 h6 4. Bxf6 Qxf6 5. c3 d5 6. exd5 exd5 7. Nf3 c6 8.
Bd3 Bd6 9. Nbd2 O-O 10. O-O Bf5 11. Qc2 Bxd3 12. Qxd3 Nd7 13. Rfe1 Rfe8 14. Re2
Nf8 15. Rae1 Rxe2 16. Rxe2 Ne6 17. g3 Re8 18. Re3 Nc7 19. Qe2 Re6 20. Ne5 Qe7
21. f4 Qd8 22. Ndf3 Re8 23. h4 Bxe5 24. Rxe5 f6 25. Rxe8+ Qxe8 26. Kf2 Qxe2+
27. Kxe2 Kf7 28. f5 Ne8 29. g4 Nd6 1/2-1/2

[Event "First Saturday 2010 februar FM-A"]
[Site "Budapest"]
[Date "2010.02.10"]
[Round "5"]
[White "Kantor, Gergely"]
[Black "Mayer, Istvan"]
[Result "1-0"]
[WhiteElo "1909"]
[BlackElo "2160"]
[PlyCount "79"]
[EventDate "2010.02.06"]

1. d4 d5 2. c4 dxc4 3. e3 c5 4. Bxc4 cxd4 5. Nf3 Nc6 6. exd4 e6 7. O-O Nf6 8.
Nc3 Be7 9. Bg5 O-O 10. Re1 a6 11. a4 Nb4 12. Qe2 Nbd5 13. Rad1 Nxc3 14. bxc3
Bd7 15. Bb3 b5 16. axb5 Bxb5 17. c4 Bd7 18. d5 Qb6 19. Rb1 Rab8 20. Ne5 Be8 21.
Ba2 Bb4 22. Nd3 a5 23. c5 Qa6 24. Nxb4 Qxe2 25. Rxe2 axb4 26. Bf4 Bb5 27. Reb2
Ra8 28. dxe6 Bd3 29. exf7+ Kh8 30. Rd1 Bg6 31. Bd6 Bxf7 32. Bxf8 Bxa2 33. Be7
b3 34. c6 Rc8 35. Rd8+ Rxd8 36. Bxd8 Nd5 37. Rd2 Kg8 38. c7 Nb6 39. Be7 Bb1 40.
Bc5 1-0

[Event "First Saturday 2010 februar FM-A"]
[Site "Budapest"]
[Date "2010.02.10"]
[Round "5"]
[White "Borda, Lajos"]
[Black "Tran, Minh Thanh"]
[Result "1-0"]
[WhiteElo "2060"]
[BlackElo "1921"]
[PlyCount "23"]
[EventDate "2010.02.06"]

1. d4 Nf6 2. c4 e6 3. Nf3 b6 4. g3 Bb7 5. Bg2 Be7 6. O-O Ne4 7. Nfd2 f5 8. Nxe4
fxe4 9. d5 e5 10. Bxe4 O-O 11. Qc2 h6 12. d6 1-0

[Event "First Saturday 2010 februar FM-A"]
[Site "Budapest"]
[Date "2010.02.10"]
[Round "5"]
[White "Kovacs, Lajos"]
[Black "Radnai, Adam"]
[Result "1-0"]
[WhiteElo "2176"]
[BlackElo "2227"]
[PlyCount "93"]
[EventDate "2010.02.06"]

1. d4 Nf6 2. c4 g6 3. Nc3 Bg7 4. e4 d6 5. Bd3 O-O 6. Nge2 c5 7. d5 e6 8. h3
exd5 9. exd5 Na6 10. O-O Nh5 11. Be3 f5 12. f4 Re8 13. Bf2 Bd7 14. Qd2 Rb8 15.
a3 Nf6 16. Bh4 Kh8 17. Rab1 b5 18. cxb5 Nc7 19. Bxf6 Bxf6 20. a4 Qe7 21. Rf3
Qg7 22. Kh1 a6 23. bxa6 Rb4 24. Bb5 Ra8 25. Na2 Bxb5 26. Nxb4 Bxe2 27. Qxe2
cxb4 28. Qc4 Rxa6 29. Qxb4 Qd7 30. Qb7 Bd4 31. Rc1 Ra7 32. Qb8+ Kg7 33. Rd3 Na6
34. Qb5 Qxb5 35. axb5 Bxb2 36. b6 Rb7 37. Rc6 Kf7 38. Rb3 Bd4 39. Ra3 Nc5 40.
Ra7 Rxa7 41. bxa7 Ne4 42. Kh2 Nd2 43. h4 Nf1+ 44. Kh3 Bxa7 45. Rc7+ Kf6 46.
Rxa7 Ne3 47. Rd7 1-0

[Event "First Saturday 2010 februar FM-A"]
[Site "Budapest"]
[Date "2010.02.10"]
[Round "5"]
[White "Molnar, Marton M"]
[Black "Lantos, Attila"]
[Result "0-1"]
[WhiteElo "1979"]
[BlackElo "2040"]
[PlyCount "86"]
[EventDate "2010.02.06"]

1. c4 e6 2. Nf3 b6 3. g3 Bb7 4. Bg2 f5 5. O-O Nf6 6. d3 Be7 7. Nc3 O-O 8. a3 a5
9. Rb1 Na6 10. Bf4 Qc8 11. Nb5 Nh5 12. Bd2 Nf6 13. b4 axb4 14. axb4 d6 15. Qb3
h6 16. Nbd4 Kh8 17. Nh4 Re8 18. Nc6 Kh7 19. b5 Nc5 20. Qc2 Bf8 21. Nf3 Bxc6 22.
bxc6 g6 23. Nd4 Bg7 24. Nb5 e5 25. Bc3 Re7 26. Ra1 Rxa1 27. Rxa1 f4 28. Ra7 Ne8
29. d4 exd4 30. Bxd4 fxg3 31. hxg3 Bxd4 32. Nxd4 Qg4 33. e3 h5 34. Bf3 Qg5 35.
Kg2 Ng7 36. Ra8 Rf7 37. Bd5 Rf6 38. Bg8+ Kh6 39. f4 Qg4 40. Be6 Ngxe6 41. Nf3
Qf5 42. Qb2 Rf8 43. Qa3 Ne4 0-1

[Event "First Saturday 2010 februar FM-A"]
[Site "Budapest"]
[Date "2010.02.10"]
[Round "5"]
[White "Peredy, Ferenc"]
[Black "Csonka, Balazs"]
[Result "1/2-1/2"]
[WhiteElo "2264"]
[BlackElo "2143"]
[PlyCount "22"]
[EventDate "2010.02.06"]

1. Nf3 Nf6 2. g3 g6 3. b3 Bg7 4. Bb2 O-O 5. Bg2 d5 6. O-O c6 7. d3 Bg4 8. h3
Bxf3 9. exf3 Nbd7 10. f4 Qc7 11. Nd2 e5 1/2-1/2

[Event "First Saturday 2010 februar FM-A"]
[Site "Budapest"]
[Date "2010.02.11"]
[Round "6"]
[White "Mayer, Istvan"]
[Black "Csonka, Balazs"]
[Result "1-0"]
[WhiteElo "2160"]
[BlackElo "2143"]
[PlyCount "67"]
[EventDate "2010.02.06"]

1. e4 e6 2. d4 d5 3. e5 c5 4. c3 Qb6 5. Nf3 Bd7 6. a4 c4 7. Nbd2 Nc6 8. b4 cxb3
9. Nxb3 Na5 10. Nxa5 Qxa5 11. Bd2 Ne7 12. Bd3 h6 13. O-O Nc6 14. Qb3 Qc7 15. c4
dxc4 16. Bxc4 Be7 17. d5 exd5 18. Bxd5 O-O 19. Rfe1 Nd8 20. Rac1 Qb6 21. Qxb6
axb6 22. Rc7 Bc6 23. Bxc6 Nxc6 24. Rxb7 Bc5 25. Bc3 Nd8 26. Rd7 Rxa4 27. e6
Nxe6 28. Rxe6 Rc4 29. Ba1 fxe6 30. Rxg7+ Kh8 31. Rg4+ Bd4 32. Bxd4+ Kh7 33.
Rg7+ Kh8 34. Rd7+ 1-0

[Event "First Saturday 2010 februar FM-A"]
[Site "Budapest"]
[Date "2010.02.11"]
[Round "6"]
[White "Cox, Tristan"]
[Black "Peredy, Ferenc"]
[Result "1-0"]
[WhiteElo "2066"]
[BlackElo "2264"]
[PlyCount "37"]
[EventDate "2010.02.06"]

1. Nf3 Nf6 2. d4 c5 3. d5 b5 4. c4 Bb7 5. Nbd2 bxc4 6. e4 Qa5 7. Qc2 d6 8. Be2
Nbd7 9. O-O Nb6 10. Nxc4 Nxc4 11. Bxc4 g6 12. e5 dxe5 13. Nxe5 Bg7 14. d6 e6
15. Qb3 Ba6 16. Bxe6 O-O 17. Bxf7+ Kh8 18. Rd1 Ne4 19. Nxg6+ 1-0

[Event "First Saturday 2010 februar FM-A"]
[Site "Budapest"]
[Date "2010.02.11"]
[Round "6"]
[White "Lantos, Attila"]
[Black "Darazs, Zoltan"]
[Result "0-1"]
[WhiteElo "2040"]
[BlackElo "2214"]
[PlyCount "82"]
[EventDate "2010.02.06"]

1. e4 e5 2. Nf3 Nc6 3. Bc4 Nf6 4. d3 Bc5 5. O-O O-O 6. Bg5 h6 7. Bh4 d6 8. a3
a6 9. c3 Be6 10. Nbd2 b5 11. Ba2 Qe7 12. Nb3 Bb6 13. d4 Bg4 14. Qd3 Bxf3 15.
gxf3 g5 16. Bg3 Nh5 17. Kh1 Nf4 18. Bxf4 gxf4 19. Rg1+ Kh7 20. Qf1 Qd7 21. Rg4
Rg8 22. Qh3 Rxg4 23. fxg4 exd4 24. Qh5 Rg8 25. f3 Rg5 26. Qh3 dxc3 27. bxc3 Kg7
28. Qf1 h5 29. h4 Rg6 30. g5 f6 31. e5 Nxe5 32. Bb1 fxg5 33. Bxg6 Kxg6 34. hxg5
Qc6 35. Nd2 Qxc3 36. Ra2 Be3 37. Qb1+ Qd3 38. Qe1 Bxd2 39. Rxd2 Qxf3+ 40. Rg2
Qh3+ 41. Rh2 Qxh2+ 0-1

[Event "First Saturday 2010 februar FM-A"]
[Site "Budapest"]
[Date "2010.02.11"]
[Round "6"]
[White "Radnai, Adam"]
[Black "Molnar, Marton M"]
[Result "1-0"]
[WhiteElo "2227"]
[BlackElo "1979"]
[PlyCount "95"]
[EventDate "2010.02.06"]

1. d4 Nf6 2. c4 e6 3. Nf3 c5 4. g3 g6 5. Bg2 Bg7 6. Nc3 O-O 7. O-O d6 8. a3 Nc6
9. d5 exd5 10. cxd5 Nb8 11. h3 a6 12. a4 b6 13. Nd2 Re8 14. Nc4 Qc7 15. Bf4 Bf8
16. e4 Nh5 17. Bd2 Nd7 18. g4 Nhf6 19. g5 Nh5 20. f4 Rb8 21. Na3 c4 22. Bf3 b5
23. axb5 axb5 24. Qc1 b4 25. Ncb5 Rxb5 26. Nxb5 Qb6+ 27. Nd4 Qxd4+ 28. Be3 Qd3
29. Rd1 Qb3 30. Rd4 c3 31. bxc3 Qxc3 32. Qxc3 bxc3 33. Rc4 f5 34. Ra8 Nc5 35.
e5 Bd7 36. Rxe8 Bxe8 37. Bxc5 dxc5 38. Bxh5 gxh5 39. Rxc3 Bf7 40. d6 c4 41. Ra3
Be6 42. Ra7 Bd5 43. Rc7 Be6 44. h4 c3 45. Rxc3 Kf7 46. Rc7+ Ke8 47. Rxh7 Bf7
48. d7+ 1-0